都道府県面積トップ20 - Statistics

General Stats
  • This quiz has been taken 697 times
  • The average score is 10 of 20
Answers on the Grid
Answers color-coded by a green-red scale on the quiz's grid according to % correct below.
北海道
青森県
秋田県
岩手県
山形県
宮城県
福島県
茨城県
栃木県
群馬県
埼玉県
千葉県
東京都
神奈川県
新潟県
富山県
石川県
福井県
山梨県
長野県
岐阜県
静岡県
愛知県
三重県
滋賀県
京都府
大阪府
兵庫県
奈良県
和歌山県
鳥取県
島根県
岡山県
広島県
山口県
徳島県
香川県
愛媛県
高知県
福岡県
佐賀県
長崎県
熊本県
大分県
宮崎県
鹿児島県
沖縄県
 
Answer Stats
Answer % Correct
北海道
79%
長野県
73%
岩手県
70%
福島県
67%
秋田県
64%
新潟県
63%
岐阜県
61%
青森県
57%
鹿児島県
52%
兵庫県
51%
静岡県
49%
山形県
48%
広島県
44%
宮城県
42%
宮崎県
40%
熊本県
33%
高知県
22%
岡山県
21%
栃木県
11%
島根県
10%
No matching quizzes found
Score Distribution
Percent of People with Each Score
Percentile by Number Answered
Your Score History
You have not taken this quiz